|
|
|
|
| LEADER |
01742nam a2200469 a 4500 |
| 001 |
nkc20071783169 |
| 003 |
CZ PrNK |
| 005 |
20080610150002.0 |
| 007 |
ta |
| 008 |
080331s2007 xr acefe e 001 0 cze |
| 015 |
|
|
|a cnb001783169
|
| 020 |
|
|
|a 978-80-86260-78-5
|q (váz.)
|z 80-86260-78-5
|
| 035 |
|
|
|a (OCoLC)228779038
|
| 040 |
|
|
|a ABA001
|b cze
|
| 041 |
1 |
|
|a cze
|a ger
|h ger
|
| 043 |
|
|
|a e------
|
| 072 |
|
7 |
|a 656.2
|x Železniční doprava
|2 Konspekt
|9 4
|
| 080 |
|
|
|a 656.33
|2 MRF
|
| 080 |
|
|
|a (4)
|2 MRF
|
| 080 |
|
|
|a (031)
|2 MRF
|
| 100 |
1 |
|
|a Brunner, Johann
|7 mzk2008442917
|4 aut
|
| 245 |
1 |
0 |
|a Lexikon koněspřežních železnic =
|b Lexikon der Pferdeeisenbahnen /
|c Johann Brunner, Ivo Hajn ; [překlady Eliška Boková]
|
| 246 |
3 |
1 |
|a Lexikon der Pferdeeisenbahnen
|
| 260 |
|
|
|a V Českých Budějovicích :
|b Jihočeské muzeum,
|c 2007
|
| 300 |
|
|
|a 175, [8] s., [16] s. barev. obr. příl. :
|b il. (některé barev.), portréty, plány, faksim. ;
|c 24 cm
|
| 500 |
|
|
|a Přeloženo z němčiny
|
| 500 |
|
|
|a 600 výt.
|
| 504 |
|
|
|a Obsahuje bibliografii a rejstřík
|
| 546 |
|
|
|a Souběžný německý text
|
| 650 |
0 |
7 |
|a koněspřežní železnice
|7 ph136732
|z Evropa
|2 czenas
|
| 650 |
0 |
7 |
|a koněspřežní železnice
|7 ph136732
|x dějiny
|2 czenas
|
| 650 |
0 |
9 |
|a horse railroads
|z Europe
|2 eczenas
|
| 650 |
0 |
9 |
|a horse railroads
|x history
|2 eczenas
|
| 655 |
|
7 |
|a encyklopedie
|7 fd132201
|2 czenas
|
| 655 |
|
9 |
|a encyclopedias
|2 eczenas
|
| 700 |
1 |
|
|a Hajn, Ivo,
|d 1964-
|7 xx0006438
|4 aut
|
| 910 |
2 |
|
|a BOA001
|b 2-1201.315
|
| 928 |
9 |
|
|a Südböhmisches Museum in Budweis
|
| 990 |
|
|
|a BK
|
| 995 |
|
|
|a 01
|
| 991 |
|
|
|b 200804
|c NOV
|
| 996 |
6 |
|
|b 2610338691
|c 2-1201.315
|l MZK
|r Sklad / do 1 hodiny
|n 3
|p p.v.
|w 000890292
|u 000010
|a 1
|e BOA001
|j MZK50
|s P
|